|
|
|
|
| LEADER |
00000nam a22000007a 4500 |
| 003 |
CL-VaPUC |
| 005 |
20250321101916.0 |
| 008 |
250113t2014 ||||| |||| 00| 0 spa d |
| 999 |
|
|
|c 446451
|d 446449
|
| 040 |
|
|
|c Pontificia Universidad Católica de Valparaíso
|
| 082 |
0 |
4 |
|a 591.983 LOP 2014
|2 21
|
| 100 |
|
|
|a López, Marcela
|e autora
|9 595644
|
| 245 |
1 |
0 |
|a Animales chilenos
|
| 250 |
|
|
|a Séptima edición.
|
| 260 |
|
|
|a Santiago, Chile:
|b Pehuén,
|c 2014.
|
| 300 |
|
|
|a 83 páginas :
|b ilustraciones.
|
| 490 |
0 |
|
|a Infantil
|
| 500 |
|
|
|a c.1-c.3. Instituto Arcos 8-1-2025
|
| 583 |
|
|
|a last modification
|c 20171117 16:06:00
|k GC
|
| 650 |
|
0 |
|a Fauna chilena
|9 505069
|x Ilustraciones
|
| 700 |
|
|
|a Salinas, Loreto
|e ilustraciones
|9 895256
|
| 942 |
|
|
|c BK
|2 ddc
|n 0
|
| 952 |
|
|
|0 0
|1 0
|2 ddc
|4 0
|6 591_983000000000000_LOP_2014
|7 0
|8 A
|9 599161
|a BIBINC
|b BIBINC
|d 2025-01-13
|e Instituto Arcos
|i 5664152
|o 591.983 LOP 2014
|p 5664152
|r 2025-01-13
|t 1
|w 2025-01-13
|y BK
|k IFP
|
| 952 |
|
|
|0 0
|1 0
|2 ddc
|4 0
|6 591_983000000000000_LOP_2014
|7 0
|8 A
|9 599162
|a BIBINC
|b BIBINC
|d 2025-01-13
|e Instituto Arcos
|i 5664153
|o 591.983 LOP 2014
|p 5664153
|r 2025-01-13
|t 2
|w 2025-01-13
|y BK
|k IFP
|
| 952 |
|
|
|0 0
|1 0
|2 ddc
|4 0
|6 591_983000000000000_LOP_2014
|7 0
|8 A
|9 599163
|a BIBINC
|b BIBINC
|d 2025-01-13
|e Instituto Arcos
|i 5664154
|o 591.983 LOP 2014
|p 5664154
|r 2025-01-13
|t 3
|w 2025-01-13
|y BK
|k IFP
|